<?xml version="1.0" encoding="UTF-8"?>
<record
    xmlns:xsi="http://www.w3.org/2001/XMLSchema-instance"
    xsi:schemaLocation="http://www.loc.gov/MARC21/slim http://www.loc.gov/standards/marcxml/schema/MARC21slim.xsd"
    xmlns="http://www.loc.gov/MARC21/slim">

  <leader>01533nam a2200217Ia 4500</leader>
  <controlfield tag="003">OSt</controlfield>
  <controlfield tag="005">20250729114123.0</controlfield>
  <controlfield tag="008">210210b2001   xxu||||| |||| 00| 0 eng d</controlfield>
  <datafield tag="040" ind1=" " ind2=" ">
    <subfield code="c">AL</subfield>
  </datafield>
  <datafield tag="041" ind1=" " ind2=" ">
    <subfield code="a">Kannada</subfield>
  </datafield>
  <datafield tag="082" ind1=" " ind2=" ">
    <subfield code="a">K894.2 MUDS</subfield>
  </datafield>
  <datafield tag="100" ind1=" " ind2=" ">
    <subfield code="a">MUDENURA SANGANNA.</subfield>
    <subfield code="d">&#xCAE;&#xCC1;&#xCA6;&#xCC7;&#xCA8;&#xCC2;&#xCB0; &#xCB8;&#xC82;&#xC97;&#xCA3;&#xCCD;&#xCA3;</subfield>
    <subfield code="9">220635</subfield>
  </datafield>
  <datafield tag="245" ind1=" " ind2=" ">
    <subfield code="a">Sule sankavve</subfield>
    <subfield code="b">&#xCB8;&#xCC2;&#xCB3;&#xCC6; &#xCB8;&#xC82;&#xC95;&#xCB5;&#xCCD;&#xCB5;&#xCC6;</subfield>
  </datafield>
  <datafield tag="260" ind1=" " ind2=" ">
    <subfield code="a">Ballari.</subfield>
    <subfield code="b">Lohiya Prakashana.,</subfield>
    <subfield code="c">2001</subfield>
  </datafield>
  <datafield tag="300" ind1=" " ind2=" ">
    <subfield code="a">xvi,71</subfield>
  </datafield>
  <datafield tag="520" ind1=" " ind2=" ">
    <subfield code="a">&#xCB8;&#xCC2;&#xCB3;&#xCC6; &#xCB8;&#xC82;&#xC95;&#xCB5;&#xCCD;&#xCB5; &#xCAE;&#xCC1;&#xCA6;&#xCC7;&#xCA8;&#xCC2;&#xCB0; &#xCB8;&#xC82;&#xC97;&#xCA3;&#xCCD;&#xCA3; &#xC85;&#xCB5;&#xCB0; &#xCA8;&#xCBE;&#xC9F;&#xC95;&#xCB5;&#xCBE;&#xC97;&#xCBF;&#xCA6;&#xCC6;. &#xCA7;&#xCBE;&#xCB0;&#xCCD;&#xCAE;&#xCBF;&#xC95; &#xCB5;&#xCB2;&#xCAF;&#xCA6;&#xCB2;&#xCCD;&#xCB2;&#xCBF; &#xCA6;&#xCC7;&#xCB5;&#xCA6;&#xCBE;&#xCB8;&#xCBF;, &#xC9A;&#xCBE;&#xCA4;&#xCC1;&#xCB0;&#xCCD;&#xCB5;&#xCB0;&#xCCD;&#xCA3; &#xCB5;&#xCCD;&#xCAF;&#xCB5;&#xCB8;&#xCCD;&#xCA5;&#xCC6;&#xCAF; &#xCB5;&#xCC7;&#xCB6;&#xCCD;&#xCAF;, &#xC9C;&#xCBE;&#xCA8;&#xCAA;&#xCA6; &#xCB2;&#xCCB;&#xC95;&#xCA6;&#xCB2;&#xCCD;&#xCB2;&#xCBF; &#xCB8;&#xCC2;&#xCB3;&#xCC6;&#xCAF;&#xCBE;&#xC97;&#xCBF; &#xCB6;&#xCA4;&#xCAE;&#xCBE;&#xCA8;&#xC97;&#xCB3;&#xCBF;&#xC82;&#xCA6; &#xCAE;&#xCB9;&#xCBF;&#xCB3;&#xCC6;&#xCAF; &#xCAA;&#xCBE;&#xCB2;&#xCBF;&#xC97;&#xCC6; &#xCB6;&#xCBE;&#xCAA;&#xCB5;&#xCBE;&#xCA6; &#xC92;&#xC82;&#xCA6;&#xCC1; &#xC85;&#xCA8;&#xCBF;&#xCB7;&#xCCD;&#xC9F; &#xCAA;&#xCA6;&#xCCD;&#xCA7;&#xCA4;&#xCBF;&#xCAF; &#xCA8;&#xCBE;&#xCA8;&#xCBE; &#xCAE;&#xCC1;&#xC96;&#xC97;&#xCB3;&#xCC1; &#xC88; &#xCA8;&#xCBE;&#xC9F;&#xC95;&#xCA6;&#xCB2;&#xCCD;&#xCB2;&#xCBF; &#xC85;&#xCA8;&#xCBE;&#xCB5;&#xCB0;&#xCA3;&#xC97;&#xCCA;&#xC82;&#xCA1;&#xCBF;&#xCB5;&#xCC6;. &#xC87;&#xCB2;&#xCCD;&#xCB2;&#xCBF;&#xCA8; &#xCB8;&#xC82;&#xC95;&#xCB5;&#xCCD;&#xCB5; &#xCAA;&#xCBE;&#xCA4;&#xCCD;&#xCB0;&#xCA6; &#xCAE;&#xCBE;&#xCA8;&#xCB5;&#xCC0;&#xCAF; &#xCA8;&#xCC6;&#xCB2;&#xCC6;&#xCAF;&#xCC1;&#xCB3;&#xCCD;&#xCB3; &#xCAE;&#xCBE;&#xCA4;&#xCC1;&#xC97;&#xCB3;&#xCBF;&#xC97;&#xCC6; &#xC95;&#xCB5;&#xCA1;&#xCC6;&#xCAF; &#xCAC;&#xCC6;&#xCB2;&#xCC6;&#xCAF;&#xCBE;&#xCA6;&#xCB0;&#xCC2; &#xCAC;&#xC82;&#xCA6;&#xCBE;&#xC97; &#xC86;&#xC95;&#xCC6;&#xCAF; &#xCB8;&#xCCD;&#xCA5;&#xCBF;&#xCA4;&#xCBF; &#xCB8;&#xCC1;&#xCA7;&#xCBE;&#xCB0;&#xCA3;&#xCC6; &#xC95;&#xC82;&#xCA1;&#xCC0;&#xCA4;&#xCC1;. &#xC85;&#xCB2;&#xC95;&#xCCD;&#xCB7;&#xCBF;&#xCA4; &#xCB6;&#xCBF;&#xCB5;&#xCB6;&#xCB0;&#xCA3;&#xCC6;&#xCAF;&#xCCB;&#xCB0;&#xCCD;&#xCB5;&#xCB3; &#xCB5;&#xC9A;&#xCA8;&#xCBE;&#xCA7;&#xCBE;&#xCB0;&#xCBF;&#xCA4; &#xCA8;&#xCBE;&#xC9F;&#xC95;.</subfield>
  </datafield>
  <datafield tag="650" ind1=" " ind2=" ">
    <subfield code="a">&#xCA8;&#xCBE;&#xC9F;&#xC95;</subfield>
    <subfield code="9">220636</subfield>
  </datafield>
  <datafield tag="690" ind1=" " ind2=" ">
    <subfield code="a">Kannada Drama</subfield>
    <subfield code="9">220637</subfield>
  </datafield>
  <datafield tag="906" ind1=" " ind2=" ">
    <subfield code="a">056244</subfield>
  </datafield>
  <datafield tag="942" ind1=" " ind2=" ">
    <subfield code="2">ddc</subfield>
    <subfield code="c">BK</subfield>
  </datafield>
  <datafield tag="999" ind1=" " ind2=" ">
    <subfield code="c">103962</subfield>
    <subfield code="d">103962</subfield>
  </datafield>
  <datafield tag="952" ind1=" " ind2=" ">
    <subfield code="0">0</subfield>
    <subfield code="1">0</subfield>
    <subfield code="2">ddc</subfield>
    <subfield code="4">0</subfield>
    <subfield code="7">0</subfield>
    <subfield code="8">KAN</subfield>
    <subfield code="a">AL</subfield>
    <subfield code="b">AL</subfield>
    <subfield code="c">Kannada Literature</subfield>
    <subfield code="d">2021-02-17</subfield>
    <subfield code="e">Lohiya Prakashana, Ballari</subfield>
    <subfield code="g">50.00</subfield>
    <subfield code="l">0</subfield>
    <subfield code="o">K894.2 MUDS</subfield>
    <subfield code="p">056244</subfield>
    <subfield code="r">2021-02-17 00:00:00</subfield>
    <subfield code="w">2021-02-17</subfield>
    <subfield code="y">BK</subfield>
  </datafield>
</record>
